[Event "Women's Speed Chess Q3"]
[Site "chess.com INT"]
[Date "2021.05.30"]
[Round "7"]
[White "Froewis, Annika"]
[Black "Chu, Ruotong"]
[Result "0-1"]
[WhiteTitle "WFM"]
[BlackTitle "WIM"]
[WhiteElo "2143"]
[BlackElo "2207"]
[WhiteFideId "1621432"]
[BlackFideId "8605653"]
[EventDate "2021.05.30"]

1. d4 d5 2. Nc3 Nf6 3. Bf4 Bf5 4. f3 e6 5. g4 Bg6 6. h4 h5 7. g5 Nfd7 8. e3 a6
9. Bd3 Bxd3 10. Qxd3 Bd6 11. Nge2 Nc6 12. g6 Nb4 13. gxf7+ Kxf7 14. Qd2 Qf6 15.
Bg5 Qg6 16. e4 dxe4 17. fxe4 Rhf8 18. a3 Nc6 19. O-O-O e5 20. Nd5 Kg8 21. dxe5
Ncxe5 22. Nec3 Nf3 23. Qg2 Nxg5 24. hxg5 Ne5 25. Kb1 Rae8 26. Qh3 Nf3 27. Qxh5
Qxh5 28. Rxh5 Re5 29. Rdh1 Rxg5 30. Rxg5 Nxg5 31. Rg1 Nf3 32. Rg6 Ne5 33. Rg5 c6
34. Ne3 Nf3 35. Rg2 Nd4 36. Ka2 Be5 37. Rg6 Re8 38. Nf5 Nxf5 39. exf5 Bxc3 0-1

[Event "Women's Speed Chess Q3"]
[Site "chess.com INT"]
[Date "2021.05.30"]
[Round "7"]
[White "Dauletova, Gulmira"]
[Black "Nomin-Erdene, Davaademberel"]
[Result "0-1"]
[WhiteTitle "WGM"]
[BlackTitle "IM"]
[WhiteElo "2285"]
[BlackElo "2382"]
[WhiteFideId "13702971"]
[BlackFideId "4900782"]
[EventDate "2021.05.30"]

1. e4 c6 2. d4 d5 3. e5 Bf5 4. h4 h5 5. Bd3 Bxd3 6. Qxd3 e6 7. Nf3 Qa5+ 8. Nbd2
Qa6 9. c4 Nh6 10. O-O Nf5 11. b3 Be7 12. g3 O-O 13. a4 c5 14. dxc5 Bxc5 15. Ba3
Bxa3 16. Rxa3 Nc6 17. Qb1 Rfd8 18. Rd1 Nb4 19. Ra1 Qb6 20. cxd5 Nxd5 21. Ne4 a5
22. Qb2 Qb4 23. Re1 Nde7 24. Neg5 Qg4 25. Kg2 Qb4 26. Rac1 Rac8 27. Re4 Qb6 28.
Rce1 Nd5 29. Qb1 Rc3 30. R4e2 Rxb3 31. Qe4 Nc3 32. Qc4 Nxe2 33. Rxe2 Rb4 34. Qc2
Qc6 35. Qxc6 bxc6 36. Rc2 Rc8 37. Nd2 c5 38. Nde4 Rxa4 39. Nxc5 Rb4 40. Rc1 Rb5
41. Nd3 Rxc1 42. Nxc1 a4 43. Nf3 a3 44. Na2 Rb2 45. Nc3 a2 46. Nxa2 Rxa2 47. Ne1
Nd4 48. Nd3 Ra3 49. Nf4 Ra5 50. Nxh5 Rxe5 51. Kh3 g6 52. Nf4 Kg7 53. g4 Rb5 54.
Kg3 Rb3+ 55. Nd3 Rxd3+ 56. f3 Rxf3+ 57. Kg2 Rf4 0-1

[Event "Women's Speed Chess Q3"]
[Site "chess.com INT"]
[Date "2021.05.30"]
[Round "7"]
[White "Havanecz, Bianka"]
[Black "Makhija, Aashna"]
[Result "1-0"]
[WhiteTitle "WIM"]
[BlackTitle "WIM"]
[WhiteElo "2257"]
[BlackElo "1969"]
[WhiteFideId "704814"]
[BlackFideId "25011944"]
[EventDate "2021.05.30"]

1. d4 e6 2. Nf3 d5 3. g3 Nf6 4. Bg2 Be7 5. O-O O-O 6. b3 b6 7. Bb2 Bb7 8. Nbd2
Nbd7 9. e3 c5 10. c4 cxd4 11. Nxd4 Rc8 12. Rc1 a6 13. h4 Nc5 14. N2f3 dxc4 15.
Rxc4 b5 16. Rc1 Qb6 17. Qe2 Rfd8 18. Rfd1 b4 19. Ne5 Bxg2 20. Kxg2 a5 21. Qf3 a4
22. Nec6 Re8 23. bxa4 Rc7 24. a5 Qa6 25. Nxe7+ Rexe7 26. h5 h6 27. Nb3 Nxb3 28.
Rd8+ Kh7 29. axb3 Rxc1 30. Bxc1 Qxa5 31. Rf8 Qd5 32. Bb2 Qxf3+ 33. Kxf3 Rc7 34.
Bxf6 gxf6 35. Rb8 Kg7 36. Rxb4 Rc2 37. Rb7 f5 38. b4 Kf6 39. b5 e5 40. b6 e4+
41. Kg2 Kg5 42. Rxf7 Kxh5 43. Rxf5+ Kg6 44. Rb5 Rc8 45. b7 Rb8 46. Kh3 h5 47.
Kh4 Kf6 48. Kxh5 Ke6 49. Kg4 Kd6 50. Kf4 Kc6 51. Rb1 1-0

[Event "Women's Speed Chess Q3"]
[Site "chess.com INT"]
[Date "2021.05.30"]
[Round "7"]
[White "Ambartsumova, Karina"]
[Black "Bivol, Alina"]
[Result "0-1"]
[WhiteTitle "IM"]
[BlackTitle "WGM"]
[WhiteElo "2382"]
[BlackElo "2385"]
[WhiteFideId "4166299"]
[BlackFideId "4100123"]
[EventDate "2021.05.30"]

1. c4 Nf6 2. Nf3 c5 3. Nc3 Nc6 4. d4 cxd4 5. Nxd4 g6 6. Nc2 Bg7 7. e4 O-O 8. Be2
d6 9. O-O a6 10. Be3 Bd7 11. Qd2 Ng4 12. Bg5 h6 13. Bh4 Rc8 14. h3 Nf6 15. Rac1
Qa5 16. Ne3 Kh7 17. a3 Qd8 18. Rfd1 Ne5 19. b4 Be6 20. f4 Nxc4 21. Nxc4 Bxc4 22.
Bxc4 Rxc4 23. e5 Nh5 24. exd6 Qxd6 25. Qxd6 exd6 26. Nd5 Rfc8 27. Rxc4 Rxc4 28.
Be7 Nxf4 29. Nxf4 Rxf4 30. Bxd6 Rd4 31. Rxd4 Bxd4+ 32. Kf1 f5 33. Ke2 b5 34. Kd3
Bb2 35. Bc5 Bxa3 36. Kd4 Kg7 37. Kd5 Kf6 38. Kc6 g5 39. Kb6 h5 40. Kxa6 g4 41.
Kxb5 f4 42. hxg4 hxg4 43. Kc4 Ke5 44. Kd3 Kd5 45. Be7 Bc1 46. Bf8 Be3 47. Be7
Bb6 48. Bf8 f3 49. gxf3 g3 0-1

[Event "Women's Speed Chess Q3"]
[Site "chess.com INT"]
[Date "2021.05.30"]
[Round "7"]
[White "Purtseladze, Maka"]
[Black "Varshini, V"]
[Result "1-0"]
[WhiteTitle "IM"]
[BlackTitle "WGM"]
[WhiteElo "2274"]
[BlackElo "2226"]
[WhiteFideId "13602659"]
[BlackFideId "5091241"]
[EventDate "2021.05.30"]

1. Nf3 c5 2. b3 d5 3. Bb2 e6 4. e3 Nf6 5. Bb5+ Nc6 6. O-O Bd7 7. d3 Be7 8. Nbd2
O-O 9. Bxc6 bxc6 10. Ne5 Bd6 11. f4 Qc7 12. c4 Rab8 13. Ndf3 Be8 14. Ng5 h6 15.
Ngf3 Nd7 16. Nxd7 Bxd7 17. Ne5 Be8 18. Qg4 f6 19. Ng6 f5 20. Qg3 Bxg6 21. Qxg6
Qf7 22. Qxf7+ Kxf7 23. Rac1 Rfd8 24. g3 Be7 25. Rfd1 Rdc8 26. Ba3 Rb6 27. Rc2
Ra6 28. Bc1 Rb6 29. Bd2 Ra6 30. Rdc1 Rd8 31. Be1 Rb6 32. Bf2 Ra6 33. Kf1 Rb6 34.
Ke2 Rb7 35. Kf3 Rbd7 36. Ke2 Kf6 37. Be1 Kf7 38. Ba5 Rc8 39. Bc3 Rb7 40. Be5 Rd7
41. e4 Rcd8 42. exf5 exf5 43. cxd5 cxd5 44. d4 cxd4 45. Kd3 Bf6 46. Kxd4 Bxe5+
47. fxe5 g6 48. Rc6 Re8 49. Rf6+ Kg7 50. Rcc6 Ree7 51. Rxg6+ Kh7 52. Rxh6+ Kg7
53. Rcg6+ Kf7 54. e6+ Kf8 55. Rh8# 1-0

[Event "Women's Speed Chess Q3"]
[Site "chess.com INT"]
[Date "2021.05.30"]
[Round "7"]
[White "Doluhanova, Evgeniya"]
[Black "Enkhtuul, Altan-Ulzii"]
[Result "0-1"]
[WhiteTitle "WGM"]
[BlackTitle "WGM"]
[WhiteElo "2207"]
[BlackElo "2228"]
[WhiteFideId "14112035"]
[BlackFideId "4901444"]
[EventDate "2021.05.30"]

1. e4 Nf6 2. Nc3 d5 3. exd5 Nxd5 4. Nxd5 Qxd5 5. Qf3 Qxf3 6. Nxf3 Nc6 7. d4 Bf5
8. c3 O-O-O 9. Bf4 h6 10. Ne5 Nxe5 11. Bxe5 e6 12. h3 f6 13. Bf4 g5 14. Be3 Bd6
15. Rd1 Rhe8 16. Bd3 Bxd3 17. Rxd3 e5 18. dxe5 Bxe5 19. Rxd8+ Rxd8 20. Ke2 a6
21. Rd1 Re8 22. Kf3 f5 23. g3 Bd6 24. h4 g4+ 25. Kg2 h5 26. Rd5 Re5 27. Rd3 Kd7
28. Bf4 Rb5 29. Bxd6 cxd6 30. b3 Ke6 31. c4 Ra5 32. Rd2 Re5 33. Kf1 b5 34. cxb5
axb5 35. a4 bxa4 36. bxa4 Ra5 37. Rd4 Ke5 38. Rb4 d5 39. Ke2 Rc5 40. Kd3 Rc1 41.
a5 Ra1 42. Rb5 Ra3+ 43. Ke2 Ke4 44. Rb4+ d4 45. Rb5 Ra2+ 46. Ke1 f4 47. gxf4 Kf3
48. f5 Rxf2 49. f6 g3 50. Rf5+ Ke3 51. Rxf2 gxf2+ 52. Kf1 d3 53. f7 d2 54. f8=Q
d1=Q+ 55. Kg2 Qg1+ 56. Kh3 f1=Q+ 0-1

[Event "Women's Speed Chess Q3"]
[Site "chess.com INT"]
[Date "2021.05.30"]
[Round "7"]
[White "Pham, Le Thao Nguyen"]
[Black "Kulkarni, Bhakti"]
[Result "1/2-1/2"]
[WhiteTitle "IM"]
[BlackTitle "IM"]
[WhiteElo "2369"]
[BlackElo "2391"]
[WhiteFideId "12401226"]
[BlackFideId "5019516"]
[EventDate "2021.05.30"]

1. d4 f5 2. Nf3 Nf6 3. g3 g6 4. Bg2 Bg7 5. O-O O-O 6. c4 e6 7. Nc3 d5 8. Bf4 c6
9. b3 b6 10. Rc1 Bb7 11. Ne5 Nbd7 12. Qd3 Nxe5 13. Bxe5 Nd7 14. Bxg7 Kxg7 15.
cxd5 cxd5 16. e3 Rc8 17. Rc2 Qe7 18. Rfc1 Nf6 19. Ne2 Ne4 20. h4 Rxc2 21. Rxc2
Rc8 22. Nf4 Kf6 23. Qd1 Qd7 24. Nd3 Rxc2 25. Qxc2 Qc6 26. Qxc6 Bxc6 27. Bxe4
fxe4 28. Ne5 Bb5 29. f3 exf3 30. Nxf3 Kf5 31. Nd2 h6 32. Kf2 g5 33. hxg5 hxg5
34. Kf3 g4+ 35. Kf2 a5 36. Ke1 Bd3 37. Kd1 e5 38. Kc1 exd4 39. exd4 b5 40. Kd1
b4 41. Ke1 Ke6 42. Kf2 Kf5 43. Ke3 Bc2 44. Ke2 a4 45. bxa4 Bxa4 46. Kd3 Bd1 47.
Nf1 b3 48. Ne3+ Kg5 49. axb3 Bxb3 50. Kc3 Ba4 51. Nxd5 Kf5 52. Kd3 Bb5+ 53. Ke3
Bc4 54. Ne7+ Ke6 55. Nc6 Kf5 56. Ne5 Bd5 57. Nd7 Bc4 58. Nb6 Bb5 59. Nd5 Bc4 60.
Nf4 Bb5 61. Ng2 Bc6 62. Ne1 Bb5 63. Nc2 Bc4 64. Nb4 Bb5 65. Nd5 1/2-1/2

[Event "Women's Speed Chess Q3"]
[Site "chess.com INT"]
[Date "2021.05.30"]
[Round "7"]
[White "Balabayeva, Xeniya"]
[Black "Assaubayeva, Bibisara"]
[Result "0-1"]
[WhiteTitle "WFM"]
[BlackTitle "IM"]
[WhiteElo "2178"]
[BlackElo "2381"]
[WhiteFideId "13719688"]
[BlackFideId "13708694"]
[EventDate "2021.05.30"]

1. e4 e5 2. Nf3 Nc6 3. Nc3 Nf6 4. Bb5 Nd4 5. Bc4 Nxf3+ 6. Qxf3 Bc5 7. d3 O-O 8.
Bg5 Be7 9. Bxf6 Bxf6 10. O-O-O c6 11. Bb3 b5 12. Kb1 a5 13. a3 b4 14. axb4 axb4
15. Na2 d6 16. d4 exd4 17. e5 dxe5 18. Qxc6 Bd7 19. Qc4 Be6 20. Qxb4 Bxb3 21.
Qxb3 Qc7 22. Nb4 Rfb8 23. c3 Qa5 24. Kc2 dxc3 25. bxc3 e4 26. Ra1 Qf5 27. Qc4
Qxf2+ 28. Kb3 Rxa1 29. Rxa1 e3 30. Qe4 e2 31. Ra8 Rf8 32. Rxf8+ Kxf8 33. Qa8+
Ke7 34. Qe4+ Kd6 35. Qd5+ Kc7 36. Qc6+ Kb8 37. Qe8+ Ka7 38. Qxf7+ Kb6 39. Qe6+
Kc7 40. Qc6+ Kd8 41. Qd5+ Ke8 42. Qe6+ Kf8 43. Qc8+ Kf7 44. Qd7+ Kg6 45. Qg4+
Bg5 46. Qe4+ Kh6 47. Qe6+ g6 48. Nd3 Qf1 49. Kc2 Qd1+ 50. Kb2 Qxd3 51. Qh3+ Qxh3 0-1

[Event "Women's Speed Chess Q3"]
[Site "chess.com INT"]
[Date "2021.05.30"]
[Round "7"]
[White "Socko, Monika"]
[Black "Gaponenko, Inna"]
[Result "0-1"]
[WhiteTitle "GM"]
[BlackTitle "IM"]
[WhiteElo "2421"]
[BlackElo "2357"]
[WhiteFideId "1106619"]
[BlackFideId "14101181"]
[EventDate "2021.05.30"]

1. g3 g6 2. Bg2 Bg7 3. e4 d6 4. Ne2 Nf6 5. O-O O-O 6. d4 c5 7. d5 b5 8. c4 bxc4
9. Nd2 Nbd7 10. Nxc4 Nb6 11. Ne3 Rb8 12. Qc2 e6 13. Rd1 exd5 14. Nxd5 Nfxd5 15.
exd5 Bf5 16. Qd2 Nc4 17. Qf4 Nxb2 18. Bxb2 Rxb2 19. Bf3 Re8 20. Re1 Qf6 21. Rad1
Bc2 22. Rd2 Qxf4 23. gxf4 Bc3 24. Nxc3 Rxe1+ 25. Kg2 Kg7 26. a4 a5 27. Nb5 h6
28. Nxd6 g5 29. fxg5 hxg5 30. Nc4 Ra2 31. d6 Bb3 32. Rxa2 Bxa2 33. Nxa5 Be6 34.
Nb3 c4 35. Nc5 Kf8 36. Bc6 c3 37. Nd3 Rd1 38. Nb4 Rxd6 39. Bb5 Rd4 40. Nc2 Rd2
41. Ne3 c2 42. Nxc2 Rxc2 43. Kf3 Ra2 44. Ke4 Bb3 45. Ke5 Bxa4 46. Bc4 Rxf2 47.
Bd5 Kg7 48. Be4 Bb5 49. Kd4 Bd7 50. Ke3 Rxh2 51. Kf3 f5 52. Kg3 Kf6 53. Kxh2
fxe4 54. Kg3 Kf5 55. Kf2 g4 56. Ke3 Ke5 57. Kf2 Kf4 58. Kg2 g3 59. Kg1 Bg4 60.
Kg2 Bf3+ 61. Kf1 g2+ 62. Kg1 Ke3 63. Kh2 Kf2 64. Kh3 g1=Q 0-1

[Event "Women's Speed Chess Q3"]
[Site "chess.com INT"]
[Date "2021.05.30"]
[Round "7"]
[White "Osmak, Iulija"]
[Black "Koridze, Lile"]
[Result "1-0"]
[WhiteTitle "IM"]
[BlackTitle "WFM"]
[WhiteElo "2425"]
[BlackElo "2016"]
[WhiteFideId "14101602"]
[BlackFideId "13612514"]
[EventDate "2021.05.30"]

1. b4 d5 2. Bb2 e6 3. e3 Nf6 4. b5 Be7 5. a4 O-O 6. Nf3 c6 7. Be2 Nbd7 8. O-O
Qc7 9. d4 c5 10. dxc5 Nxc5 11. Nbd2 b6 12. c4 dxc4 13. Nxc4 Bb7 14. Be5 Qd8 15.
a5 bxa5 16. Nxa5 Bd5 17. Nd4 Bd6 18. Nac6 Qc7 19. Bxd6 Qxd6 20. f3 e5 21. Nf5
Qe6 22. e4 Bb3 23. Qc1 Nb7 24. Qg5 g6 25. Rfb1 Ne8 26. Ne3 f6 27. Qg3 Nc5 28.
Qf2 Nd6 29. Rc1 Ndxe4 30. fxe4 Nxe4 31. Qf3 f5 32. Rab1 Nd2 33. Qf2 Nxb1 34.
Rxb1 f4 35. Rxb3 fxe3 36. Qxe3 Rae8 37. h3 Qd5 38. Na5 Kg7 39. Nc4 e4 40. Qxa7+
Rf7 41. Qe3 Qf5 42. Nd2 Qf6 43. Nf1 Qa1 44. Qc3+ Qxc3 45. Rxc3 Rd7 46. Ne3 Rd2
47. Bf1 Rf8 48. Rb3 Rdf2 49. b6 R2f6 50. b7 Rb8 51. Nd5 Rf7 52. Ba6 Rd7 53. Ne3
Rd6 54. Bc4 Rd7 55. Bd5 Rd6 56. Bxe4 Re6 57. Bf3 Re7 58. Kf2 Rc7 59. g4 Rf7 60.
Kg3 Rbf8 61. Nc4 1-0

[Event "Women's Speed Chess Q3"]
[Site "chess.com INT"]
[Date "2021.05.30"]
[Round "7"]
[White "Mendoza, Shania Mae"]
[Black "Kiolbasa, Oliwia"]
[Result "0-1"]
[WhiteTitle "WFM"]
[BlackTitle "WIM"]
[WhiteElo "2158"]
[BlackElo "2255"]
[WhiteFideId "5211158"]
[BlackFideId "1154613"]
[EventDate "2021.05.30"]

1. e4 e5 2. Nf3 Nc6 3. d4 exd4 4. Bc4 Bc5 5. c3 Nf6 6. e5 d5 7. Bb5 Ne4 8. Nxd4
O-O 9. O-O Nxe5 10. Be3 Ng4 11. Bf4 Bd6 12. Bg3 Bxg3 13. hxg3 c6 14. Bd3 Ne5 15.
Bxe4 dxe4 16. Nd2 f5 17. Re1 Kh8 18. Nf1 Nd3 19. Re2 c5 20. Nb3 b6 21. Ne3 Ba6
22. Rd2 Qg5 23. Nc1 Ne5 24. Nd5 Rad8 25. Nf4 Rxd2 26. Qxd2 Rd8 27. Qe1 Ng4 28.
Nb3 Qh6 29. Nh3 Qd6 30. Nf4 Bc4 31. Rc1 Bxb3 32. axb3 Qd2 33. Rb1 Qxe1+ 34. Rxe1
h6 35. f3 Nf6 36. g4 exf3 37. gxf5 fxg2 38. Kxg2 Rd2+ 39. Re2 Rxe2+ 40. Nxe2 Kg8
41. Ng3 Kf7 42. Kf3 Ke7 43. Kf4 h5 44. Kg5 Kd6 45. Kg6 h4 46. Nh1 Ke5 47. Nf2
Ne4 48. Ng4+ Kf4 49. Nh2 Ng3 50. Kxg7 Nxf5+ 51. Kf6 Ne3 52. Ke6 Kg3 53. Kd6 Kxh2
54. Kc7 Kg1 55. Kb7 h3 56. Kxa7 h2 57. Kxb6 h1=Q 58. Kxc5 Qd5+ 59. Kb6 Qxb3+ 60.
Ka5 Qxb2 61. c4 Nxc4+ 62. Ka6 Qb6# 0-1

[Event "Women's Speed Chess Q3"]
[Site "chess.com INT"]
[Date "2021.05.30"]
[Round "7"]
[White "Putri, Regita Desyari"]
[Black "Golubenko, Valentina"]
[Result "1-0"]
[WhiteTitle "WFM"]
[BlackTitle "WGM"]
[WhiteElo "1897"]
[BlackElo "2209"]
[WhiteFideId "7109083"]
[BlackFideId "4501993"]
[EventDate "2021.05.30"]

1. d4 Nf6 2. c4 g6 3. Nf3 d5 4. g3 Bg7 5. Bg2 c6 6. O-O O-O 7. Nc3 dxc4 8. a4
Nbd7 9. a5 Rb8 10. e4 b5 11. axb6 axb6 12. Bf4 Rb7 13. e5 Nd5 14. Nd2 e6 15.
Nce4 f6 16. exf6 N7xf6 17. Bg5 Qe8 18. Bxf6 Nxf6 19. Nxf6+ Bxf6 20. Nxc4 Qe7 21.
Bxc6 Rc7 22. Bb5 Rd8 23. Qe2 Bxd4 24. Rad1 Bb7 25. Ne5 Qc5 26. Ng4 Rf8 27. Qxe6+
Kh8 28. Be2 Bg7 29. Qe3 Qc6 30. f3 Rcf7 31. Rf2 Re8 32. Qd2 h5 33. Re1 hxg4 34.
Qg5 Qf6 35. Qxg4 Qxb2 36. Qh3+ Kg8 37. Ref1 Qb3 38. Bd1 Bd4 39. Bxb3 Bxf2+ 40.
Kxf2 Kg7 41. Bxf7 Kxf7 42. Qd7+ Re7 43. Qd4 Re6 44. Re1 Rf6 45. Qd7+ Kg8 46.
Qxb7 Rf7 47. Re8+ Kg7 48. Qd5 Kf6 49. Re6+ Kg7 50. Qe5+ Kg8 51. Re8+ Rf8 52.
Qe6+ Kh7 53. Rxf8 Kh6 54. Qg8 Kg5 55. Qe6 Kh5 56. h4 g5 57. Rh8# 1-0

[Event "Women's Speed Chess Q3"]
[Site "chess.com INT"]
[Date "2021.05.30"]
[Round "7"]
[White "Batsiashvili, Nino"]
[Black "Mrudul, Dehankar"]
[Result "0-1"]
[WhiteTitle "GM"]
[BlackTitle "WIM"]
[WhiteElo "2491"]
[BlackElo "2256"]
[WhiteFideId "13602993"]
[BlackFideId "25096990"]
[EventDate "2021.05.30"]

1. d4 Nf6 2. Nf3 e6 3. c4 Bb4+ 4. Bd2 c5 5. dxc5 Bxc5 6. e3 b6 7. Nc3 Bb7 8. Be2
O-O 9. O-O d5 10. cxd5 Nxd5 11. Nxd5 Qxd5 12. Bc3 Nd7 13. b4 Be7 14. Qd4 Bf6 15.
Qxd5 Bxd5 16. Bxf6 Nxf6 17. a4 Rac8 18. Ne5 Rc2 19. Bf3 Rfc8 20. b5 Bxf3 21.
gxf3 Nd5 22. Nc6 a5 23. Ne7+ Nxe7 24. Rfd1 Nd5 25. e4 Nf4 26. h4 R2c7 27. Rd6
Rb7 28. Rad1 Kf8 29. Kh2 Ke7 30. Kg3 Ng6 31. f4 Rc3+ 32. f3 h5 33. Rd8 Nf8 34.
Ra8 Nd7 35. Rd4 Nc5 36. Rdd8 Nxe4+ 37. Kg2 Nc5 38. Rh8 Rc2+ 39. Kg3 g6 40. f5
Kf6 41. fxe6 Kxe6 42. Rae8+ Kf6 43. Rd8 Nxa4 44. Rd6+ Kg7 45. Rdd8 Nc5 46. Rdg8+
Kf6 47. Rh7 Ne4+ 48. Kf4 Nd6 49. Rd8 Rc4+ 50. Ke3 Nf5+ 51. Kd3 Rc5 52. f4 Rxb5
53. Kc4 Rb4+ 54. Kc3 Rb1 55. Kc2 Rb4 56. Rhh8 Rc7+ 57. Kd2 a4 58. Ra8 Rd4+ 59.
Ke2 Re7+ 60. Kf3 Rd2 61. Rhb8 Re3# 0-1

[Event "Women's Speed Chess Q3"]
[Site "chess.com INT"]
[Date "2021.05.30"]
[Round "7"]
[White "Nurmanova, Alua"]
[Black "Cyfka, Karina"]
[Result "0-1"]
[WhiteTitle "WFM"]
[BlackTitle "IM"]
[WhiteElo "2008"]
[BlackElo "2415"]
[WhiteFideId "13729390"]
[BlackFideId "1122681"]
[EventDate "2021.05.30"]

1. e4 d6 2. d4 Nf6 3. Nc3 Nc6 4. g3 e5 5. d5 Ne7 6. Bg2 Ng6 7. Nge2 h5 8. h4 Bg4
9. f3 Bd7 10. Be3 Qc8 11. Qd2 Be7 12. Nd1 c6 13. c4 c5 14. a3 a5 15. b3 b5 16.
cxb5 Bxb5 17. Ndc3 Bd7 18. Rc1 O-O 19. O-O Nh7 20. Rb1 f5 21. exf5 Bxf5 22. Ne4
Bh3 23. N2c3 Bxg2 24. Kxg2 Nf6 25. Rfc1 Qd7 26. Nxf6+ Bxf6 27. Ne4 Rad8 28. b4
axb4 29. axb4 cxb4 30. Qxb4 Qf7 31. Qd2 Bxh4 32. Rf1 Be7 33. Bg5 h4 34. Bxe7
Qxe7 35. Ng5 hxg3 36. Ne6 Nf4+ 37. Nxf4 exf4 38. Rbe1 Qf7 39. Rh1 Rde8 40. Qd3
g6 41. Qd4 Qg7 42. Qb4 Rxe1 43. Rxe1 Qf7 44. Qxd6 Re8 45. Rxe8+ Qxe8 46. Kf1 Qf7
47. Qe5 Qa7 48. Qe8+ Kg7 49. Qe5+ Kh7 50. Qe2 Qa1+ 51. Kg2 Qd4 52. Qe7+ Qg7 53.
Qh4+ Kg8 54. Qd8+ Qf8 55. Qg5 Kg7 56. Qe5+ Qf6 57. Qc7+ Kh6 58. Qc2 Qd4 59. Qc1
Qf2+ 60. Kh3 Qh2+ 61. Kg4 g2 0-1

[Event "Women's Speed Chess Q3"]
[Site "chess.com INT"]
[Date "2021.05.30"]
[Round "7"]
[White "Nandhidhaa, P V"]
[Black "Pandey, Srishti"]
[Result "1-0"]
[WhiteTitle "WGM"]
[BlackTitle "WFM"]
[WhiteElo "2365"]
[BlackElo "2026"]
[WhiteFideId "5050847"]
[BlackFideId "35093290"]
[EventDate "2021.05.30"]

1. b3 e5 2. Bb2 Nc6 3. Nf3 d6 4. d4 exd4 5. Nxd4 Nf6 6. Nxc6 bxc6 7. e3 Be7 8.
Be2 O-O 9. O-O Nd5 10. Bf3 Bf6 11. Bxf6 Nxf6 12. Bxc6 Rb8 13. Bf3 Re8 14. c4 Bf5
15. Nc3 Qe7 16. Nd5 Nxd5 17. Bxd5 Be4 18. Bxe4 Qxe4 19. Qd2 Qg6 20. Rfe1 Re5 21.
Rad1 h5 22. Qd3 Qf6 23. Qd4 h4 24. f4 Re6 25. Qxf6 Rxf6 26. Kf2 g5 27. g3 Re8
28. Rd5 hxg3+ 29. hxg3 gxf4 30. exf4 Rfe6 31. Rxe6 Rxe6 32. Ra5 c6 33. Rxa7 d5
34. cxd5 cxd5 35. Rd7 Ra6 36. Rxd5 Rxa2+ 37. Kf3 Rb2 38. Rb5 Kg7 39. Rb8 Kf6 40.
g4 Kg7 41. Ke4 Kg6 42. f5+ Kf6 43. Kf4 Rf2+ 44. Kg3 Rb2 45. Rb6+ Kg7 46. g5 Rb1
47. Kf4 Rf1+ 48. Ke4 Re1+ 49. Kd5 Rd1+ 50. Kc4 Rf1 51. f6+ Kg6 52. Rb5 Rc1+ 53.
Kb4 Rb1 54. Rc5 Rb2 55. Ka4 Ra2+ 56. Kb5 Rb2 57. b4 Rb1 58. Ka5 Kh5 59. b5 Kg6
60. Ka6 Kh5 61. b6 Kg6 62. Ka7 Ra1+ 63. Kb8 Rb1 64. b7 Rb2 65. Kc7 Rxb7+ 66.
Kxb7 Kh5 67. Kc7 Kg6 68. Kd7 Kh5 69. Ke7 Kg6 70. Rb5 Kh7 71. Kxf7 Kh8 72. Rb8+
Kh7 73. g6+ Kh6 74. Rh8+ Kg5 75. g7 Kf5 76. g8=Q Kf4 77. Rh4+ Ke3 1-0

[Event "Women's Speed Chess Q3"]
[Site "chess.com INT"]
[Date "2021.05.30"]
[Round "7"]
[White "Nanditha, V"]
[Black "Li, Xueyi"]
[Result "1-0"]
[WhiteTitle "WCM"]
[BlackTitle "WGM"]
[WhiteElo "1666"]
[BlackElo "2328"]
[WhiteFideId "46626697"]
[BlackFideId "8605912"]
[EventDate "2021.05.30"]

1. e4 c5 2. Nf3 d6 3. d4 cxd4 4. Nxd4 Nf6 5. Nc3 Nc6 6. Bb5 Bd7 7. Bxc6 bxc6 8.
O-O g6 9. Be3 Bg7 10. Qd2 O-O 11. Bh6 Rb8 12. Bxg7 Kxg7 13. b3 c5 14. Nde2 Bc6
15. Nd5 Nxe4 16. Qd3 Bxd5 17. Qxd5 Nf6 18. Qd3 a5 19. a4 d5 20. Rad1 e5 21. f3
Qb6 22. Kh1 Rbd8 23. Nc3 d4 24. Ne4 Nd5 25. Rde1 f5 26. Ng3 Rfe8 27. Nxf5+ gxf5
28. Qxf5 Qf6 29. Qg4+ Kh8 30. Rf2 Ne3 31. Qe4 c4 32. bxc4 Nxc4 33. Qd3 Ne3 34.
Qb5 Rg8 35. Qxa5 Qf4 36. Qd2 Qf6 37. Rfe2 Rg6 38. Rf2 Rdg8 39. g3 Qg5 40. Rg1
Qh6 41. Re2 Nf5 42. Qxh6 Rxh6 43. Reg2 Re8 44. g4 Nh4 45. Re2 Nxf3 46. Rf1 Ng5
47. Rf5 Nh3 48. Kg2 Nf4+ 49. Rxf4 d3 50. cxd3 Rg8 51. Rfe4 Rhg6 52. h3 h5 53.
Rxe5 hxg4 54. hxg4 Rxg4+ 55. Kf3 Rg3+ 56. Ke4 R3g4+ 57. Kd5 Rd8+ 58. Kc6 Rg6+
59. Kc7 Rxd3 60. Re8+ 1-0

[Event "Women's Speed Chess Q3"]
[Site "chess.com INT"]
[Date "2021.05.30"]
[Round "7"]
[White "Mohota, Nisha"]
[Black "Varney, Zoe"]
[Result "0-1"]
[WhiteTitle "IM"]
[BlackTitle "WCM"]
[WhiteElo "2195"]
[BlackElo "1917"]
[WhiteFideId "5004330"]
[BlackFideId "436135"]
[EventDate "2021.05.30"]

1. b3 d5 2. Bb2 e6 3. e3 c6 4. f4 Bd6 5. Nf3 Nf6 6. Be2 Nbd7 7. O-O O-O 8. Ne5
Qc7 9. d4 b6 10. c4 c5 11. cxd5 exd5 12. Nc3 Bb7 13. Nb5 Qb8 14. Nxd6 Qxd6 15.
Qe1 Ne4 16. Bd3 f6 17. Bxe4 dxe4 18. dxc5 bxc5 19. Rd1 Bd5 20. Nc4 Qc6 21. Na5
Qe6 22. Qd2 Nb6 23. Bc3 Rad8 24. Qb2 Qe7 25. Rd2 Bf7 26. Rfd1 Rxd2 27. Rxd2 Rd8
28. Nc6 Qf8 29. Rxd8 Be8 30. Na5 Qe7 31. Qd2 Nd7 32. Ra8 Nb6 33. Nc6 Qf7 34. Qd8
Nxa8 35. Ne7+ Kf8 36. Nc6 Nb6 37. Ba5 Qd7 38. Bxb6 axb6 39. Qxd7 Bxd7 40. Nb8
Bb5 41. a4 Bd3 42. Nc6 Ke8 43. a5 Kd7 44. Nb8+ Kc7 45. axb6+ Kxb8 46. Kf2 Kb7
47. Ke1 Kxb6 48. Kd2 Kb5 49. Kc3 c4 50. g3 cxb3 51. Kxb3 f5 52. Kc3 g6 53. Kd4
h6 54. Ke5 Kc4 55. Kf6 Kc3 56. Kxg6 Kd2 57. Kxh6 Kxe3 58. Kg5 Kf3 59. h4 e3 60.
h5 e2 61. h6 e1=Q 62. h7 Qh1 63. h8=Q Qxh8 64. Kg6 Qg8+ 65. Kh6 Qxg3 66. Kh7
Qxf4 67. Kh8 Qg4 68. Kh7 f4+ 69. Kh8 Bc4 70. Kh7 Ke2 71. Kh6 f3 72. Kh7 f2 73.
Kh6 f1=Q 74. Kh7 Qfh3# 0-1

[Event "Women's Speed Chess Q3"]
[Site "chess.com INT"]
[Date "2021.05.30"]
[Round "7"]
[White "Jakubowska, Anna"]
[Black "Vargas, Gabriela"]
[Result "1/2-1/2"]
[WhiteTitle "WIM"]
[BlackTitle "WIM"]
[WhiteElo "2073"]
[BlackElo "2170"]
[WhiteFideId "1121952"]
[BlackFideId "3700860"]
[EventDate "2021.05.30"]

1. e4 e6 2. d4 d5 3. Nd2 Nc6 4. Ngf3 Nf6 5. e5 Nd7 6. Bb5 f6 7. exf6 Qxf6 8.
Bxc6 bxc6 9. O-O a5 10. Re1 Bd6 11. Nb3 O-O 12. Bg5 Qf5 13. Bh4 a4 14. Nbd2 e5
15. dxe5 Nxe5 16. Nxe5 Bxe5 17. c3 Bd7 18. Nf3 Bd6 19. Bg3 Bxg3 20. hxg3 c5 21.
Re5 Qf7 22. Qxd5 Rab8 23. Qxf7+ Rxf7 24. Re2 Bb5 25. Rd2 Bc4 26. a3 Rf6 27. Re1
Rfb6 28. Rd7 Rd6 29. Rxc7 Be6 30. Ng5 Bd5 31. Ree7 h6 32. Rxg7+ Kf8 33. Nh7+ Ke8
34. Nf6+ Rxf6 35. Rge7+ Kf8 36. Rh7 Bg8 37. Rhd7 Re8 38. Rxc5 Rf7 39. Rd6 Re1+
40. Kh2 Rxf2 41. Rc8+ Re8 42. Rxe8+ Kxe8 43. Rb6 Bd5 44. g4 Rxg2+ 45. Kh3 Rd2
46. Rxh6 Bg2+ 47. Kg3 Rxb2 48. g5 Bd5 49. Kf4 Rb3 50. Ke5 Bf7 51. Kd4 Rxa3 52.
g6 Bg8 53. Rh8 Kf8 54. Rh3 Kg7 55. Rg3 Ra1 56. c4 a3 57. Kc3 a2 58. Kb2 Rf1 59.
Kxa2 Bxc4+ 60. Ka3 Bg8 61. Kb4 Rf6 62. Kc5 Be6 63. Kd4 Bf5 64. Ke5 Bxg6 65. Rg2
Rf5+ 66. Kd4 Kf6 67. Rg3 Rf4+ 68. Ke3 Rb4 69. Rf3+ Bf5 70. Ke2 Ke5 71. Kd2 Rb2+
72. Kc3 Rc2+ 73. Kb4 Be4 74. Rc3 Kd4 75. Rxc2 Bxc2 1/2-1/2